| Поле | Инд. | ПП | Название | Значение |
|---|---|---|---|---|
| Тип записи | a | |||
| Библиографический уровень | a | |||
| 001 | Контрольный номер | d65b7a3a9e924d85991422e991b22fc6 | ||
| 005 | Дата корректировки | 20220520130108.6 | ||
| 040 | a | Служба первич. каталог. | НБ ТвГУ | |
| b | Код языка каталог. | rus | ||
| e | Правила каталог. | PSBO | ||
| 041 | 0_ | a | Код языка текста | rus |
| 097 | b | Оператор | Komarova.ES | |
| 098 | b | Факультет | Институт педагогического образования и социальных технологий | |
| c | Кафедра | Социальной работы и педагогики | ||
| 100 | 1_ | a | Автор | Ляпина Екатерина Викторовна |
| q | Полное имя | Ляпина Е. В. | ||
| 245 | 10 | a | Заглавие | Инновационные формы постинтернатного сопровождения детей-сирот и детей, оставшихся без попечения родителей |
| 260 | a | Место издания | Тверь | |
| 504 | a | Библиография | Библиогр.: с. 206 (6 назв.) | |
| 520 | 0_ | a | Аннотация | В статье проанализированы формы постинтернатного сопровождения детей-сирот и детей, оставшихся без попечения родителей, реализуемые учреждениями социального обслуживания в настоящее время. На основании анализа, а также выделенных проблем выпускников предложены инновационные формы постинтернатного сопровождения с использованием информационно-коммуникационных технологий. |
| 653 | 0_ | a | Ключевые слова | Дети-сироты |
| a | Ключевые слова | Труды Тверского государственного университета | ||
| a | Ключевые слова | Адаптация | ||
| a | Ключевые слова | Выпускники интернатных учреждений | ||
| a | Ключевые слова | Постинтернатное сопровождение | ||
| 700 | 12 | a | Другие авторы | Мороз Мария Владимировна |
| q | Полное имя | Мороз М. В. | ||
| 773 | 18 | w | Контрольный № источника | 687a8a868cc748fe95025f4b380b95a7 |
| t | Название источника | Молодежь и государство | ||
| d | Место и дата издания | Тверь, 2022 | ||
| g | Прочая информация | С. 203-206 | ||
| 856 | 40 | u | URL | http://texts.lib.tversu.ru/texts/152061t.pdf |
| x | Примечание для ЭОР | Справка УИС 2022 | ||
| x | Примечание для ЭОР | Реестр суммарного учета сетевых локальных документов | ||
| i | Дата подключения ЭОР | 20220520 | ||
| 901 | t | Тип документа | a | |
| 920 | a | Оператор | Кома | |
| 954 | b | Дата поступления в ОК | 20220323 |